Long Island genealogical source material /

Bibliographic Details
Main Author: Seversmith, Herbert Furman, 1904-
Other Authors: Stryker-Rodda, Kenn
Format: Book
Language:English
Published: Washington : National Genealogical Society, 1962.
Series:Special publications of the National Genealogical Society ; no. 24.
Subjects:

MARC

Tag First Indicator Second Indicator Subfields
LEADER 00000cam a2200000 4500
001 in00000601413
005 20151014161107.0
008 750721s1962 nyu b 00010 eng
010 |a  62004252  
035 |a (OCoLC)01464052 
035 |9 ACS0398AM 
040 |c DZM  |d TXA  |d UtOrBLW 
049 |a TXAM  |c [1416504] 
050 0 0 |a CS42  |b .N43 no.24 
100 1 |a Seversmith, Herbert Furman,  |d 1904- 
245 1 0 |a Long Island genealogical source material /  |c a bibliography, by Herbert F. Seversmith and Kenn Stryker-Rodda. 
264 1 |a Washington :  |b National Genealogical Society,  |c 1962. 
300 |a iv, 121 pages ;  |c 27 cm. 
336 |a text  |b txt  |2 rdacontent 
337 |a unmediated  |b n  |2 rdamedia 
338 |a volume  |b nc  |2 rdacarrier 
490 1 |a National Genealogical Society. Special publications,  |v no. 24 
650 0 |a Registers of births, etc.  |z New York (State)  |z Long Island  |x Bibliography. 
700 1 |a Stryker-Rodda, Kenn. 
830 0 |a Special publications of the National Genealogical Society ;  |v no. 24. 
999 |a MARS 
999 f f |s a99573e8-8c47-339f-ad90-7aa7e57359d2  |i 55546d56-8df9-37c4-a08b-bfbc5997bc61  |t 0 
952 f f |p ric  |a Texas A&M University  |b Rellis Campus  |c Joint Library Facility  |d Remote Storage  |t 0  |e CS42 .N43 no.24  |h Library of Congress classification  |i unmediated -- volume  |m A14801851566 
998 f f |a CS42 .N43 no.24  |t 0  |l Remote Storage